000 01054nam a2200229 i 4500
001 187473
003 ES-MaACL
005 20230906222933.0
008 170707q1980 mx abo |||| | spa d
080 _a745/749(72)
245 0 3 _aLa artesanía en Sinaloa /
_c[estudio preliminar, Porfirio Martínez Peñalosa [i.e. Peñaloza] ; estudio socioeconómico, inventario de artes y artesanías... del Gobierno del Estado de Sinaloa ; director de investigación, Juan Manuel Gómez ; dibujos, Alberto Beltrán].
260 _a[Sinaloa (México)] :
_bGobierno del Estado de Sinaloa, Dirección de Investigación y Fomento de Cultura Regional,
_c[1980]
300 _a88 p. :
_bil. col. y n., 1 mapa, fot. ;
_c21 x 28 cm.
490 1 _aRescate y divulgación
650 4 _aArtesanía-
_zSinaloa (Estado)
_9163397
650 4 _aArtesanía-
_zMéxico.
_9172096
700 1 _aMartínez Peñaloza, Porfirio.
_9163398
700 1 _aBeltrán, Alberto.
_927331
830 1 _aRescate y divulgación
_9225565
852 _aES-MaACL
_jL-31798
999 _c187473
_d187473